000 00774nam a2200229Ii 4500
003 JO-AjNU
008 230605s9999||||xx |||||||||||||| ||und||
017 _a4407/8/2021
020 _a978-9957-33-881-7
040 _aJO-AjNU
_bara
_erda
_cJO-AjNU
041 _aara
050 1 4 _aHF5693.2022
100 3 _aالغريري، سامي ذياب,
_eauthor
_964057
245 0 0 _aالرياضيات المالية في المصارف
250 _aط1
264 3 1 _aعمان: مؤسسة الوراق للنشر والتوزيع، 2022
300 _a168ص
336 _atext
_btxt
_2rdacontent
337 _aunmediated
_bn
_2rdamedia
338 _avolume
_bnc
_2rdacarrier
650 4 _aالرياضيات المالية-العمليات المصرفية-البنوك
_964058
999 _aA29087
_c32655
_d32655